| 000 | 00407nam a22001337a 4500 | ||
|---|---|---|---|
| 003 | OSt | ||
| 005 | 20240401112440.0 | ||
| 008 | 240401b |||||||| |||| 00| 0 eng d | ||
| 040 | _cCentral Library MRSPTU | ||
| 100 | _aR.D Nerakari (ਆਰ.ਡੀ. ਨਿਰਕਾਰੀ) | ||
| 245 | _aUpanishad Vidaya (ਉਪਨਿਸ਼ਦ-ਵਿਦਿਆ) | ||
| 260 |
_aAmritsar _bLiterature House _c1996 |
||
| 942 |
_2ddc _cBK _n0 |
||
| 999 |
_c9922 _d9922 |
||